Геометрия (Запись № 12354349)

Подробности
000 -МАРКЕР
контрольное поле 01768nam0a2200397 4500
001 - ИДЕНТИФИКАТОР ЗАПИСИ
контрольное поле RU\NLR\BIBL_A\012528438
005 - ИДЕНТИФИКАТОР ВЕРСИИ
контрольное поле 20210708135407.0
010 ## - МЕЖДУНАРОДНЫЙ СТАНДАРТНЫЙ НОМЕР КНИГИ (ISBN)
Номер (ISBN) 978-5-09-080959-7
Тираж 5610
021 ## - НОМЕР ГОСУДАРСТВЕННОЙ РЕГИСТРАЦИИ
Код страны Российская Федерация
Номер КН-П-21-067757
Номер Листа государственной регистраци КН-П-21-5357
021 ## - НОМЕР ГОСУДАРСТВЕННОЙ РЕГИСТРАЦИИ
Код страны Российская Федерация
Номер КН-П-23-062928
Номер Листа государственной регистраци КН-П-23-6380
021 ## - НОМЕР ГОСУДАРСТВЕННОЙ РЕГИСТРАЦИИ
Код страны Российская Федерация
Номер КН-П-20-091292
Номер Листа государственной регистраци КН-П-20-6932
035 ## - ДРУГИЕ СИСТЕМНЫЕ НОМЕРА
Идентификатор записи (NLR Aleph) 012528438
035 ## - ДРУГИЕ СИСТЕМНЫЕ НОМЕРА
Идентификатор записи (RuMoRGB)010547506
100 ## - ДАННЫЕ ОБЩЕЙ ОБРАБОТКИ
Данные общей обработки 20210526d2021 d y0rusy50 ca
101 0# - ЯЗЫК РЕСУРСА
Язык текста, звукозаписи и т.д. русский
102 ## - СТРАНА ПУБЛИКАЦИИ ИЛИ ПРОИЗВОДСТВА
Страна публикации Российская Федерация
105 ## - ПОЛЕ КОДИРОВАННЫХ ДАННЫХ: ТЕКСТОВЫЕ МАТЕРИАЛЫ, МОНОГРАФИЧЕСКИЕ
Кодированные данные о монографическом текстовом документе j |001z
181 #0 - ПОЛЕ КОДИРОВАННЫХ ДАННЫХ: ВИД СОДЕРЖАНИЯ
Код вида содержания (ISBD) i
Код характеристики содержания (ISBD) axxe
182 #0 - ПОЛЕ КОДИРОВАННЫХ ДАННЫХ: ТИП СРЕДСТВА
Код типа средства (ISBD) n - непосредственное
200 1# - ЗАГЛАВИЕ И СВЕДЕНИЯ ОБ ОТВЕТСТВЕННОСТИ
Основное заглавие Геометрия
Сведения, относящиеся к заглавию 8 класс
-- учебник
Первые сведения об ответственности А. Г. Мерзляк, В. Б. Полонский, М. С. Якир
Последующие сведения об ответственности под редакцией В. Е. Подольского
203 ## - ВИД СОДЕРЖАНИЯ И ТИП СРЕДСТВА
Вид содержания Текст
Дополнительные сведения об издании визуальный
Тип средства непосредственный
205 ## - СВЕДЕНИЯ ОБ ИЗДАНИИ
Сведения об издании 6-е изд., стер.
210 ## - ПУБЛИКАЦИЯ, РАСПРОСТРАНЕНИЕ И ДР.
Место издания, распространения и т.д. Москва
Имя издателя, распространителя и т. д. Просвещение
-- Вентана-Граф
Дата издания, распространения и т.д. 2021 [т.е. 2020]
215 ## - ФИЗИЧЕСКАЯ ХАРАКТЕРИСТИКА
Специфическое обозначение материала и объем 206, [2] с.
Другие сведения о физической характеристике ил., цв. ил., портр., табл.
Размеры 22
300 ## - ОБЩИЕ ПРИМЕЧАНИЯ
Текст примечания Кн. фактически издана в 2020 г.
320 ## - ПРИМЕЧАНИЯ О НАЛИЧИИ В ДОКУМЕНТЕ БИБЛИОГРАФИИ / УКАЗАТЕЛЯ
Текст примечания Алф.-предм. указ.: с. 204-205
606 1# - НАИМЕНОВАНИЕ ТЕМЫ КАК ПРЕДМЕТ
Наименование темы Геометрия
Формальный подзаголовок Учебники для средней школы
Код системы nlr_sh2
Идентификатор авторитетной/нормативной записи RU\NLR\AUTH\6626625
686 1# - ИНДЕКСЫ ДРУГИХ КЛАССИФИКАЦИЙ
Индекс В181.11я721-1
700 #1 - ИМЯ ЛИЦА - ПЕРВИЧНАЯ ОТВЕТСТВЕННОСТЬ
Начальный элемент ввода Мерзляк
Часть имени, кроме начального элемента ввода А. Г.
Расширение инициалов личного имени Аркадий Григорьевич
Идентификатор авторитетной/нормативной записи RU\NLR\AUTH\773972
701 #1 - ИМЯ ЛИЦА - АЛЬТЕРНАТИВНАЯ ОТВЕТСТВЕННОСТЬ
Начальный элемент ввода Полонский
Часть имени, кроме начального элемента ввода В. Б.
Расширение инициалов личного имени Виталий Борисович
Идентификатор авторитетной/нормативной записи RU\NLR\AUTH\773594
701 #1 - ИМЯ ЛИЦА - АЛЬТЕРНАТИВНАЯ ОТВЕТСТВЕННОСТЬ
Начальный элемент ввода Якир
Часть имени, кроме начального элемента ввода М. С.
Даты 1958-
Расширение инициалов личного имени Михаил Семёнович
Идентификатор авторитетной/нормативной записи RU\NLR\AUTH\773605
942 ## - ДОПОЛНИТЕЛЬНЫЕ ЭЛЕМЕНТЫ ЗАПИСИ (АБИС)
Тип экземпляра АБИС Книга
980 ## - КОЛЛЕКЦИЯ
Название коллекции Национальная библиография
Экземпляры
Тип экземпляра Дата поступления Источник поступления Библиотека постоянного хранения Библиотека текущего хранения Место хранения Штрих-код Статус экземпляра Шифр хранения Нумерация / хронология для периодики
Книга 26.05.2021 Обязательный экземпляр РНБ (Московский) РНБ (Московский) Обменный фонд 1-3396420      
Книга 26.05.2021 Обязательный экземпляр РНБ (Московский) РНБ (Московский) Русский книжный фонд: издания с 1957 года 1-3396421   2021-5/4159  
Книга 27.01.2022 Обязательный экземпляр РНБ (Московский) РНБ (Московский) Обменный фонд 1-3624976     2022
Книга 27.01.2022 Обязательный экземпляр РНБ (Московский) РНБ (Московский) Обменный фонд 1-3624972     2022
Книга 02.11.2023 Обязательный экземпляр РНБ (Московский) РНБ (Московский) Обменный фонд 1-4399058     2023
Книга 02.11.2023 Обязательный экземпляр РНБ (Московский) РНБ (Московский) Обменный фонд 1-4399059     2023